| 000 | 00554nam a22001817a 4500 | ||
|---|---|---|---|
| 003 | BD-DhUL | ||
| 005 | 20171121142219.0 | ||
| 008 | 171121s1364 xx ||||| |||| 00| 0 per d | ||
| 040 |
_aBD-DhUL _cBD-DhUL |
||
| 082 |
_a891.551 _bSAD |
||
| 100 | 0 | _aصائب تحریزی | |
| 245 | 0 |
_aدیوان صائب تحریزی : _cصائب تحریزی _bجلد ۱ / |
|
| 260 |
_a: _bشرکت انتشارات علمی و فرہنگی، _c۔۱۳۶۴ |
||
| 300 |
_aجلد ۱ ؛ _c۲۴ سم۔ |
||
| 365 |
_aUS$ _b10.00 |
||
| 650 | 0 | _aPersian poetry | |
| 942 |
_2ddc _cBK |
||
| 999 |
_c232304 _d232304 |
||